000 00244nam a2200097Ia 4500
005 20251222114416.0
008 251222s1900||||xx |||||||||||||| ||spa||
082 _aDVD0097 S79/2006
245 0 _aVida y obra de Rafaello y Miguel Ángel
942 _cDVD
999 _c2244
_d2244